El Castanyer a Catalunya : manual de gestió, conservació i valorització / manual de gestió, conservació i valorització /
MARC
| LEADER | 00000cam a2200000 a 4500 | ||
|---|---|---|---|
| 001 | 26379 | ||
| 003 | AGDB | ||
| 005 | 20260324181137.0 | ||
| 008 | 150421s2015 spca||| ||||o0|| 0|cat|c | ||
| 017 | |a DL B 1947-2015 |b Biblioteca de Catalunya | ||
| 020 | |a 9788498036633 | ||
| 043 | |a e-sp--- |b e-spc-- |2 catmarc | ||
| 080 | |a Bib-869 | ||
| 245 | 0 | 3 | |a El Castanyer a Catalunya : |b manual de gestió, conservació i valorització / |c coordinació: Montserrat García García; autors dels textos: Pau Vericat [i 13 més] |
| 250 | |a Primera edició | ||
| 260 | |a Barcelona : |b Diputació de Barcelona : |b Obra Social "la Caixa", |c 2015 | ||
| 300 | |a 143 pàgines : |b il·lustracions ; |c 21 x 22 cm | ||
| 504 | |a Bibliografia p. 134-143 | ||
| 650 | 0 | |a Boscos i silvicultura |x Catalunya |9 49830 | |
| 650 | 0 | |a Boscos i silvicultura |x Catalunya |9 49830 | |
| 650 | 0 | |a Ecologia forestal |z Catalunya |9 18735 | |
| 650 | 0 | |a Castanyer |z Catalunya |2 lemac |9 54077 | |
| 650 | 0 | |a Castanyer |x Protecció |9 70608 | |
| 700 | |a Vericat Grau, Pau |9 54079 |e autor | ||
| 700 | |a García García, Montserrat |9 54080 |e editor literari | ||
| 710 | 1 | |a Barcelona (Catalunya : Província). |b Diputació |e entitat productora |9 52408 | |
| 710 | 1 | |a Fundació la Caixa. |b Obra Social |9 52754 |e entitat productora | |
| 908 | |a UdL |a UdG |a BC |a BCNexplor@ |a GCDAC | ||
| 940 | |a BC | ||
| 942 | |2 udc |c ARXIU |n 1 | ||
| 952 | |0 0 |1 0 |4 0 |6 BIB869 |7 1 |9 63266 |a Arxiu |b Arxiu |d 2022-07-29 |l 0 |o Bib-869 |p 26379 |r 2022-07-29 00:00:00 |w 2022-07-29 |y ARXIU | ||
| 999 | |c 82513 |d 82513 | ||